| 000 | 00724nam a22002171i 4500 | ||
|---|---|---|---|
| 001 | 000030705 | ||
| 003 | RuMoIPM | ||
| 005 | 20260602112137.0 | ||
| 008 | 130415s1952----ur | c rus | ||
| 040 |
_aRuMoIPM _brus _ercr |
||
| 041 | 0 | _arus | |
| 044 | _aru | ||
| 080 | _a511(075.8) | ||
| 100 | 1 | _aВиноградов, Иван Матвеевич | |
| 245 | 1 |
_aОсновы теории чисел _b[учебное пособие для ун-тов] _cИ. М. Виноградов |
|
| 250 | _a6-е изд., испр. | ||
| 260 |
_aМосква _aЛенинград _bГостехиздат _c1952 |
||
| 300 | _a180 с. | ||
| 500 | _aПеред загл. авт.: акад. И.М. Виноградов | ||
| 942 | _cBK | ||
| 999 |
_c30705 _d30705 |
||